Five on a secret trail / (Record no. 13174)

MARC details
000 -LEADER
fixed length control field 03387nam a22004937a 4500
001 - CONTROL NUMBER
control field B-265586-603
003 - CONTROL NUMBER IDENTIFIER
control field dpl
005 - DATE AND TIME OF LATEST TRANSACTION
control field 20080711163620.0
008 - FIXED-LENGTH DATA ELEMENTS--GENERAL INFORMATION
fixed length control field 080530t xxu||||| |||| 00| 0 eng d
010 ## - LIBRARY OF CONGRESS CONTROL NUMBER
LC control number B-265586-603
020 ## - INTERNATIONAL STANDARD BOOK NUMBER
International Standard Book Number 0340894687
Terms of availability 85.00
035 ## - SYSTEM CONTROL NUMBER
System control number B-265586-603
037 ## - SOURCE OF ACQUISITION
Stock number 4452 / 8.5.08
Source of stock number/acquisition Blue Berry/8.5.08/5/8.4.08/5.6.08/85.00/
040 ## - CATALOGING SOURCE
Original cataloging agency DPL
Language of cataloging EN
082 ## - DEWEY DECIMAL CLASSIFICATION NUMBER
Classification number S
100 ## - MAIN ENTRY--PERSONAL NAME
Personal name Blyton, Enid
245 ## - TITLE STATEMENT
Title Five on a secret trail /
Statement of responsibility, etc by Enid Blyton
260 ## - PUBLICATION, DISTRIBUTION, ETC. (IMPRINT)
Place of publication, distribution, etc London
Name of publisher, distributor, etc Hodder Headline
Date of publication, distribution, etc 2004
260 ## - PUBLICATION, DISTRIBUTION, ETC. (IMPRINT)
Name of publisher, distributor, etc Blue Berry (Vender)
Date of publication, distribution, etc 2004
270 ## - ADDRESS
City London
Address 338 Euston Road,
300 ## - PHYSICAL DESCRIPTION
Extent 232p.
Dimensions 18 cm (Hb)
490 ## - SERIES STATEMENT
Series statement The famous five 15
942 ## - ADDED ENTRY ELEMENTS (KOHA)
Source of classification or shelving scheme Dewey Decimal Classification
Koha item type Children Books
Classification part S
Call number suffix BLY
Holdings
Withdrawn status Lost status Damaged status Not for loan Collection code Home library Current library Date acquired Cost, normal purchase price Total Checkouts Full call number Barcode Date last seen Copy number Cost, replacement price Price effective from Koha item type Public note Source of classification or shelving scheme Total Renewals Date checked out Source of acquisition
        Fiction Andrews Gunj Andrews Gunj 11/07/2008 85.00   S / BLY B-265595 15/09/2008 1 85.00 15/09/2008 Children Books          
        Fiction Central Library Central Library 11/07/2008 85.00 2 S / BLY B-265591 07/01/2021 1 85.00 15/09/2008 Children Books     1 10/12/2020  
        Fiction Jagrati Enclave Jagrati Enclave 11/07/2008 85.00   S / BLY B-265603 15/09/2008 1 85.00 15/09/2008 Children Books          
        Fiction Jor Bagh (Children Lib) Jor Bagh (Children Lib) 11/07/2008 85.00   S / BLY B-265597 15/09/2008 1 85.00 15/09/2008 Children Books          
        Fiction Karol Bagh Karol Bagh 11/07/2008 85.00   S / BLY B-265599 15/09/2008 1 85.00 15/09/2008 Children Books          
        Fiction Mobile Library Mobile Library 02/06/2008 85.00   S / BLY B-265586 15/09/2008 4 85.00 15/09/2008 Children Books          
Written off       Fiction Mobile Library Mobile Library 11/07/2008 85.00   S / BLY B-265587 15/09/2008 4 85.00 15/09/2008 Children Books Written off on approval by DLB (By Circulation); dtd 15-06-2023        
Withdrawn       Fiction Mobile Library Mobile Library 11/07/2008 85.00   S / BLY B-265588 15/09/2008 4 85.00 15/09/2008 Children Books   Dewey Decimal Classification      
        Fiction Mobile Library Mobile Library 11/07/2008 85.00   S / BLY B-265589 15/09/2008 1 85.00 15/09/2008 Children Books          
        Fiction Netaji Nagar Netaji Nagar 11/07/2008 85.00   S / BLY B-265598 15/09/2008 1 85.00 15/09/2008 Children Books          
        Fiction New Police Line New Police Line 11/07/2008 85.00   S / BLY B-265590 15/09/2008 1 85.00 15/09/2008 Children Books          
        Fiction Patel Nagar Patel Nagar 11/07/2008 85.00   S / BLY B-265592 15/09/2008 1 85.00 15/09/2008 Children Books          
        Fiction R.K.Puram-8 R.K.Puram-8 11/07/2008 85.00   S / BLY B-265594 15/09/2008 1 85.00 15/09/2008 Children Books          
        Fiction Sarojini Nagar Sarojini Nagar 11/07/2008 85.00   S / BLY B-265593 15/09/2008 1 85.00 15/09/2008 Children Books          
Written off       Fiction Shahdara Branch Shahdara Branch 11/07/2008 85.00   S / BLY B-265600 15/09/2008 1 85.00 15/09/2008 Children Books Written off on approval by DLB (By Circulation); dtd 20.12.2022        
        Fiction Sriniwas Puri Sriniwas Puri 11/07/2008 85.00   S / BLY B-265596 15/09/2008 1 85.00 15/09/2008 Children Books          
        Fiction Vigyan Vihar Vigyan Vihar 11/07/2008 85.00   S / BLY B-265602 15/09/2008 1 85.00 15/09/2008 Children Books          
        Fiction Vinoba Puri Vinoba Puri 29/08/2008 85.00 18 S BLY B-284640 20/01/2023 1 85.00 15/09/2008 Children Books     1 09/01/2023 Blueberry/4571/19.8.08/192/21.7.08/19.8.08
        Fiction Yojana Vihar Yojana Vihar 11/07/2008 85.00 2 S / BLY B-265601 14/03/2020 1 85.00 15/09/2008 Children Books       11/03/2020  

© Delhi Public Library
Hit Counter
free hit counter